MDQL
is popping MORE tags! Check the
thread
!
Quizzes
Events
Quiz Creation
Community
Videos
Private Events
Remove Ads
Sign In
Join for FREE
Feedback
Dark Mode
Quiz Categories
Sports
Geography
Music
Movies
Television
Just For Fun
Miscellaneous
History
Literature
Language
Science
Gaming
Entertainment
Religion
Holiday
For Kids
Quiz Lab
Recent
Popular Today
Quiz Kudos Today
Editor Picks
Curator Picks
Quizzes by...
Day
Popularity
Type
Ratings
Length
Year
Community
Subscriptions
Recent Discussions
Orange Saloon
Badges
Playlists
Quests
Create
Leaderboards
Showdown
Live 5
Trivia Bingo
Activity
Puzzle Library
Sporcle Events
Private Events
Virtual Trivia
Globe League
Become a Host
Pub Owners
SporcleCon
Opinionation
Our Games
Videos
Blog
Mobile Apps
Partnerships
Remove Ads and Go Orange
Feedback
Geography
Country
Landmarks
City
State
Population
World
Capital
Continent
Flags
Europe
Africa
Asia
South America
North America
Oceania
Border
Canada
United Kingdom
Topography
United States
Geography
Country
Landmarks
City
State
Population
World
Capital
Continent
Flags
Europe
Africa
Asia
South America
North America
Oceania
Border
Canada
United Kingdom
Topography
United States
Random Quiz
Search Sporcle
×
Curator Pick
Curator Pick
Geography
City
Type in answers that appear in a list
Type in answers that appear in a list
Classic
Best Score? Go Orange.
US City Names in Latin Stats
Can you name the US cities, based on their names in Latin?
By
echopapa
10m
20 Questions
2,850 Plays
2,850 Plays
2,850 Plays
Comments
Comments
Give Quiz Kudos
Give Quiz Kudos
-
- Ratings
hide this ad
More Info
Replay
Link that replays current quiz
Next Quiz
Link to next quiz in quiz playlist
You Got
0%
They Got
Avg Score
31%
Avg Friend Score
Upgrade to see
Score Distribution
Jump to the score distribution portion of the page
Score
0/20
Timer
10:00
0
Plays Today
Latin Name
City
% Correct
Novum Eboracum
New York
81.5%
Sancta Fides
Santa Fe
57.9%
Urbs Lacus Salsi
Salt Lake City
52.4%
Sanctus Ludovicus
St. Louis
51.7%
Ancoraria
Anchorage
43.3%
Grandiae Cataractae
Grand Rapids
38.9%
Litus Longum
Long Beach
38.6%
Nasburgum
Nashville
36%
Fons Coloratensis
Colorado Springs
30.7%
Campi
Las Vegas
25.7%
Latin Name
City
% Correct
Petricula
Little Rock
22.6%
Passus
El Paso
22.1%
Campifons
Springfield
21.2%
Sinus Viridis
Green Bay
18.2%
Rubrobastum
Baton Rouge
17.8%
Quercopolis
Oakland
17.5%
Flexuvium Austral
South Bend
14.6%
Monachopolis
Des Moines
13.3%
Fraxinus
Fresno
12.6%
Xylopolis
Boise
10.2%
Quiz Playlist
Details
Report
Send in Message
Add To Playlist
More Info:
Some of these names were assigned by Latin students, others by the Catholic Church.
Classic:
Type in answers that appear in a list
Quiz Source
Last Updated: Feb 16, 2017
Curator Pick in
Latin
Quiz Scoreboard
CHALLENGE
Sign Up to Join the Scoreboard
Show All
Scores
Hide
Comments
May contain spoilers
Recently Published
Two Season TV Shows II
by 123Four
Television
10m
Image Sorting: Flags VI
by Barbecue
Geography
2m
Find the 'City' Movie
by crazypaving
Movies
60s
More to Explore
Quiz From the Vault
Featured Blog Post
14 Easter Pick-up Lines to Find Eggs With
hide this ad
You Might Also Like...
Tags
City Quiz
Latin Quiz
State Quiz
Today's Top Quizzes in Geography
Browse Geography
hide this ad
Today's Top Quizzes in City
Browse City
Top Contributed Quizzes in Geography
1
Colored Red Europe Blitz I
2
Countries of the World - No Outlines Minefield
3
Colored Red Africa Blitz II
4
Colored Red Europe Blitz II
5
Colored Red Europe Blitz III
6
Colored Red Africa Blitz III
7
Colored Red States Blitz I
8
A Different View: World Oceans
9
Colored Red States Blitz II
10
Colored Red States Blitz III
Explore More
Trending Topics
Kpop
Disney
Crossword
NBA
Marvel
Harry Potter
Anime
Puzzle
Pokémon
Country
Song
Soccer
NFL
The Office
WWE
hide this ad
More By:
echopapa
Quiz
Plays
Rating
Category
Featured
Created
US City Names in Latin
2,850
4.43
Geography
Apr 3, 2010
US City Names in English
776
4.06
Geography
Apr 12, 2010
US Cities Containing Letters X, Q, Z
372
3.43
Geography
Mar 26, 2010
Classic Rock Vocabulary Quiz
228
3.86
Music
Apr 21, 2010
Unique Baseball Nicknames
146
3.00
Sports
Mar 30, 2010
Go to Creator's Profile
Score Distribution
Quiz Creator Spotlight
echopapa
Follow
Send a Message
Quizzes Created
-
Created Quiz Play Count
-
More By This Creator
Popular Quizzes Today
1
Colored Red Africa Blitz
2
Find the US States - No Outlines Minefield
3
Find the 'City' Movie
4
5x2 Blitz: Bands
5
The Countries of the World
6
Find the US States
7
Find the Countries of Europe - No Outlines Minefield
8
US States
More Geography Quizzes
Countries visited by Queen Beatrix
Editor's Pick
Trending Quizzes
Colored Red Europe Blitz I
Colored Red Africa Blitz II
Colored Red Europe Blitz II
Colored Red Africa Blitz III
Colored Red Europe Blitz III
Recently Updated
How Do You Spell That?
pecheneg
Godzilla Movies
pecheneg
Grab Bag: 4-10 Letters
pecheneg
2024 March Madness Bracket
pecheneg
Famous TV Couples
Peacemaker
Champions League XIs: Real Madrid
pecheneg
Largest US Cities 1790-2010
pecheneg
Rides in Walt Disney World
pecheneg
Most Oscar Losses (Acting)
pecheneg
Beyoncé Albums
pecheneg
Trending Topics
Harry Potter
Disney
NBA
Anime
Kpop
Marvel
Crossword
WWE
Puzzle
The Office
Song
Soccer
Pokémon
NFL
Country
Your Account Isn't Verified!
In order to create a playlist on Sporcle, you need to verify the email address you used during registration. Go to your
Sporcle Settings
to finish the process.
Report this User
Report this user for behavior that violates our
Community Guidelines
.
Details:
Send Report
Go to the Sporcle.com Mobile Site →
Comments